Match the Song to the Artist/s (Top 30 2015) - Statistics

General Stats
  • This quiz has been taken 32 times
  • The average score is 11 of 30
Answer Stats
Song Artist/s % Correct
2. Thinking Out Loud Ed Sheeran
85%
7. Blank Space Taylor Swift
81%
18. Shake It Off Taylor Swift
78%
13. Love Me Like You Do Ellie Goulding
74%
12. Can't Feel My Face The Weeknd
74%
30. Hotline Bling Drake
70%
5. Sugar Maroon 5
70%
14. Take Me To Church Hozier
67%
11. Cheerleader OMI
67%
10. The Hills The Weeknd
67%
4. Trap Queen Fetty Wap
44%
26. I'm Not The Only One Sam Smith
41%
9. Earned It (Fifty Shades Of Grey) The Weeknd
41%
1. Uptown Funk Mark Ronson ft. Bruno Mars
33%
20. Fight Song Rachel Platten
33%
29. Style Taylor Swift
30%
6. Shut Up And Dance WALK THE MOON
30%
25. Honey, I'm Good Andy Grammer
26%
17. Want To Want Me Jason Derulo
26%
8. Watch Me (Whip/Nae Nae) Silento
26%
3. See You Again Wiz Khalifa ft. Charlie Puth
26%
15. Bad Blood Taylor Swift ft. Kendrick Lamar
15%
23. Worth It Fifth Harmony ft. Kid Ink
7%
16. Lean On Major Lazer ft. MO
4%
27. Good For You Selena Gomez ft. A$AP Rocky
4%
21. 679 Fetty Wap ft. Remy Boyz
0%
22. Lips Are Movin Meghan Tranior
0%
28. All About That Bass Meghan Tranior
0%
24. Post To Be Omarion ft Chris Brown & Jhene Aiko
0%
19. Where Are U Now Shrillex & Diplo with Justin Bieber
0%
No matching quizzes found
Score Distribution
Percent of People with Each Score
Percentile by Number Answered
Your Score History
You have not taken this quiz